Modificaciones estructurales de polímeros naturales y su influencia en el diseño de sistemas portadores de fármacos de administración oftálmica /
Guardado en:
| Otros Autores: | , , |
|---|---|
| Formato: | Manuscrito |
| Idioma: | Spanish |
| Publicado: |
2014.
|
| Materias: | |
| Etiquetas: |
Agregar Etiqueta
Sin Etiquetas, Sea el primero en etiquetar este registro!
|
| LEADER | 01444ntm a22002775a 4500 | ||
|---|---|---|---|
| 001 | EIQ.libpla004478 | ||
| 008 | 140807s2014####ag#######bm###000#0#spa#d | ||
| 005 | 20140811151005.0 | ||
| 245 | 1 | 0 | |a Modificaciones estructurales de polímeros naturales y su influencia en el diseño de sistemas portadores de fármacos de administración oftálmica / |c Javier Adrián Calles. |
| 260 | |c 2014. | ||
| 300 | |a xxii, 153 p. : |b il. col. ; |c 21 cm. | ||
| 500 | |a "Tesis de Doctorado en Ciencia y Tecnología de los Materiales". | ||
| 500 | |a Director de tesis: Dr. Enrique Marcelo Vallés y co-dirección: Dr. Santiago Daniel Palma. | ||
| 502 | |a Tesis (doctor)--Universidad Nacional del Sur. Departamento de Ingeniería Química, 2014. | ||
| 504 | |a Incluye referencias bibliográficas. | ||
| 100 | 1 | |a Calles, Javier Adrìán. |4 dis | |
| 700 | 1 | |a Vallés, Enrique Marcelo. |4 ths | |
| 700 | 1 | |a Palma, Santiago Daniel. |4 ths | |
| 710 | 2 | |a Universidad Nacional del Sur. |b Departamento de Ingeniería Química |4 dgg. | |
| 650 | 7 | |a Polímeros naturales |x Biopolímeros |x Bioadhesivos |x Acido hialurónico | |
| 650 | 7 | |a Fármacos, liberación |x Portadores de fármacos |x Farmacotecnia | |
| 650 | 7 | |a Oftalmología |x Terapias oftálmicas | |
| 650 | 7 | |a Natural polymers |x Biopolymers |x Bioadhesives |x Hyaluronic acid | |
| 650 | 7 | |a Drugs, release |x Drugs carriers |x Pharmacology | |
| 650 | 7 | |a Ophthalmology |x Ophthalmic therapies | |
| 859 | |a AR-BbSID |b BIB. PLAPIQUI |h 572.566 |i C132 |p 6361 | ||
